000 01670nam a2200241Ia 4500
003 Ost
005 20260507074841.0
008 260507s9999||||xx |||||||||||||| ||und||
020 _a9789957328535
040 _cfsecg
041 _aara
082 _a659.1
100 _aكافي، مصطفى يوسف
_eمؤلف
245 0 _aدراسات في الإعلام والإعلان السياحي /
_c مصطفى يوسف كافي
260 _aعمان:
_bدار الحامد للنشر والتوزيع,
_c2015
300 _a307 صفحة؛
_bإيضاحات ؛
_c25 سم
504 _aمراجع ص. 301
520 _aمفهوم الاعلام و السياحة و العلاقة بينهما و اولويات الاعلام السياحي و التخطيط الاعلامي السياحي في مواجهة الازمات و الاعلام السياحي في مواجهة الازمات السياحية كما تم التطرق الى مفهوم و طبيعة الاعلان و الترويج السياحي و ماهية الاعلان السياحي و تأثير الاعلان في دوافع الانسان السياحية ووسائل الاعلان المستخدمة في الاعلان السياحي و كذا العلاقات العامة السياحية و الانترنيت و أثره في السياسات الترويجية السياحية و تنمية السوق السياحي و حملة تخطيط التسويق السياحي و حملة الاقناع و التفاوض و الدعاية السياحية.
653 _aالإعلام - الإعلان
653 _aالإعلان
653 _aالسياحة
942 _cكتاب
999 _c41518
_d41518